[Event "SC Hansa Dortmund 2 - SV Kamen 1"]
[Site "Regionalliga 2018/2019"]
[Date "2018.09.02"]
[Round "1.1"]
[White "Weidemann, Christian"]
[Black "Kalka, Arkadius Georg"]
[Result "1/2-1/2"]
[WhiteElo "2290"]
[BlackElo "2284"]
[PlyCount "90"]
[EventDate "2018.??.??"]

1. e4 d6 2. d4 Nf6 3. Nc3 c6 4. f4 Qa5 5. e5 Ne4 6. Qf3 d5 7. Bd3 f5 8. exf6
exf6 9. Bxe4 dxe4 10. Qxe4+ Kf7 11. Nf3 Bf5 12. Ne5+ Ke6 13. Nxc6+ Bxe4 14.
Nxa5 Bb4 15. O-O Bxg2 16. Kxg2 Bxa5 17. f5+ Kd7 18. Ne4 Bb6 19. Bf4 Nc6 20. c3
Rae8 21. Rfe1 Ne7 22. Nd6 Ra8 23. Nxb7 Nxf5 24. b4 g5 25. Bg3 h5 26. Nc5+ Bxc5
27. bxc5 h4 28. Bf2 g4 29. Rad1 Rae8 30. d5 g3 31. Rxe8 Rxe8 32. hxg3 hxg3 33.
c6+ Kc8 34. Bc5 Re2+ 35. Kf3 Rc2 36. Ke4 Rxc3 37. Kxf5 Rxc5 38. Ke6 g2 39. Kd6
Rc2 40. Re1 Kd8 41. Rb1 Kc8 42. Ke7 Re2+ 43. Kxf6 Rb2 44. Rc1 Rc2 45. Rb1 Rb2
1/2-1/2

[Event "SC Hansa Dortmund 2 - SV Kamen 1"]
[Site "Regionalliga 2018/2019"]
[Date "2018.09.02"]
[Round "1.2"]
[White "Sundorf, Jannik"]
[Black "Himmel, Hansjoerg"]
[Result "0-1"]
[WhiteElo "2108"]
[BlackElo "2208"]
[PlyCount "84"]
[EventDate "2018.??.??"]

1. d4 Nf6 2. c4 e6 3. g3 Bb4+ 4. Bd2 Qe7 5. Bg2 Nc6 6. e3 a5 7. Nc3 O-O 8. Nge2
Bxc3 9. Bxc3 d6 10. O-O e5 11. d5 Nb8 12. Qd2 b6 13. f4 Nbd7 14. b3 Rb8 15. a4
Nc5 16. fxe5 dxe5 17. Qb2 Re8 18. Qc2 Ng4 19. Bd2 Bd7 20. h3 Nf6 21. Bc3 h6 22.
Rad1 Nh7 23. Kh2 Rbd8 24. Nc1 Qg5 25. Nd3 Bf5 26. Rxf5 Qxf5 27. g4 Qg6 28. e4
Qd6 29. Nxc5 Qxc5 30. Be1 Nf8 31. Bf2 Qe7 32. c5 Qg5 33. cxb6 cxb6 34. Bxb6 Rc8
35. Bc7 Red8 36. d6 Ne6 37. Kh1 Nxc7 38. d7 Rb8 39. Qxc7 Rxb3 40. Bf1 Kh7 41.
Qxa5 Qe3 42. Bg2 Rxd7 0-1

[Event "SC Hansa Dortmund 2 - SV Kamen 1"]
[Site "Regionalliga 2018/2019"]
[Date "2018.09.02"]
[Round "1.4"]
[White "Burchert, Wolfgang"]
[Black "Kilian, Ralf"]
[Result "1-0"]
[WhiteElo "2000"]
[BlackElo "2082"]
[PlyCount "79"]
[EventDate "2018.??.??"]

1. e4 e6 2. d4 d5 3. e5 c5 4. c3 Nc6 5. Nf3 Qb6 6. Bd3 Bd7 7. O-O cxd4 8. cxd4
Nxd4 9. Nbd2 Bc5 10. b4 Qxb4 11. Nxd4 Bxd4 12. Rb1 Qa4 13. Qxa4 Bxa4 14. Rb4
Bxe5 15. Rxa4 Ne7 16. Ba3 Nc6 17. Bb5 Kd7 18. Nb3 Bd6 19. Nc5+ Bxc5 20. Bxc5 a6
21. Be2 Rhc8 22. f4 Ne7 23. Bf2 Nf5 24. Rb4 Nd6 25. a4 Rc2 26. Bd3 Rd2 27. Bb1
b5 28. axb5 axb5 29. Re1 Ra4 30. Rxa4 bxa4 31. Be3 Rb2 32. Bd4 Rb4 33. Bxg7 f5
34. g3 Nc4 35. Ba2 Nd6 36. Kf2 Ne4+ 37. Ke3 Nc5 38. Rb1 Nb3 39. Bxb3 axb3 40.
Kd3 1-0

[Event "SC Hansa Dortmund 2 - SV Kamen 1"]
[Site "Regionalliga 2018/2019"]
[Date "2018.09.02"]
[Round "1.5"]
[White "Seepe, Udo"]
[Black "Linker, Walter"]
[Result "1/2-1/2"]
[WhiteElo "2068"]
[BlackElo "2011"]
[PlyCount "30"]
[EventDate "2018.??.??"]

1. Nf3 d5 2. e3 c5 3. d4 e6 4. b3 Nf6 5. Bd3 Be7 6. Nbd2 Nc6 7. O-O O-O 8. Bb2
Nb4 9. Be2 Ne4 10. a3 Nc6 11. c4 Nxd2 12. Qxd2 dxc4 13. bxc4 cxd4 14. exd4 Bf6
15. Rfd1 b6 1/2-1/2

[Event "SC Hansa Dortmund 2 - SV Kamen 1"]
[Site "Regionalliga 2018/2019"]
[Date "2018.09.02"]
[Round "1.6"]
[White "Prueske, Wolfgang"]
[Black "Rumpf, Thomas"]
[Result "0-1"]
[WhiteElo "1939"]
[BlackElo "2014"]
[PlyCount "64"]
[EventDate "2018.??.??"]

1. Nf3 g6 2. e4 Bg7 3. d4 c5 4. dxc5 Qa5+ 5. Nbd2 Nf6 6. Bd3 Na6 7. O-O Nxc5 8.
Nc4 Qc7 9. e5 Ng4 10. Qe2 O-O 11. h3 Nh6 12. Bf4 b5 13. Ncd2 Nxd3 14. cxd3 Bb7
15. Rfc1 Qb6 16. Ne4 d6 17. Be3 Qd8 18. exd6 exd6 19. Nd4 Nf5 20. Nxf5 gxf5 21.
Ng3 Qf6 22. Rc2 Rfe8 23. Nh5 Qe5 24. Qd2 a6 25. Nxg7 Qxg7 26. g3 Qe5 27. Kh2
Qd5 28. Rg1 Re6 29. Rc7 Rae8 30. b3 Qf3 31. g4 f4 32. Bxf4 Re2 0-1

[Event "SC Hansa Dortmund 2 - SV Kamen 1"]
[Site "Regionalliga 2018/2019"]
[Date "2018.09.02"]
[Round "1.7"]
[White "Kleinegger, Frank"]
[Black "Zelt, Jens"]
[Result "1/2-1/2"]
[WhiteElo "2065"]
[BlackElo "2075"]
[PlyCount "116"]
[EventDate "2018.??.??"]

1. d4 d6 2. Nf3 c6 3. c4 Nd7 4. Nc3 e5 5. e4 h6 6. Be2 Ne7 7. O-O Ng6 8. Re1
Be7 9. Bf1 O-O 10. g3 Qc7 11. Be3 Re8 12. Rc1 Bf8 13. b3 Nf6 14. d5 c5 15. h3
Bd7 16. Nd2 a6 17. a4 Qc8 18. Kh2 Be7 19. f4 exf4 20. gxf4 Nh7 21. Qf3 f5 22.
Qh5 Nhf8 23. Bd3 Bf6 24. Rg1 Kh7 25. Nf3 Re7 26. Bd2 Qe8 27. exf5 Nh4 28. Qxe8
Nxf3+ 29. Kg3 Raxe8 30. Kxf3 Kh8 31. Ne4 Bd4 32. Rge1 Bxf5 33. Nxc5 Bxd3 34.
Nxd3 Kg8 35. Bb4 Re3+ 36. Kg2 Kf7 37. Rxe3 Rxe3 38. Rd1 Ng6 39. Bxd6 Nh4+ 40.
Kf1 Nf5 41. Be5 Bb6 42. c5 Bd8 43. c6 bxc6 44. dxc6 Rxh3 45. Rd2 Bb6 46. c7 Ne7
47. Nf2 Bxf2 48. Kxf2 Rh2+ 49. Ke3 Rxd2 50. Kxd2 g6 51. b4 Ke6 52. b5 axb5 53.
axb5 Kd7 54. b6 Kc8 55. Bd4 g5 56. fxg5 hxg5 57. Ke2 Nd5 58. Kf3 Nxc7 1/2-1/2

[Event "SC Hansa Dortmund 2 - SV Kamen 1"]
[Site "Regionalliga 2018/2019"]
[Date "2018.09.02"]
[Round "1.8"]
[White "Krueger, Simon"]
[Black "Georg, Heinz"]
[Result "1-0"]
[WhiteElo "1987"]
[BlackElo "2071"]
[PlyCount "85"]
[EventDate "2018.??.??"]

1. d4 f5 2. Nf3 Nf6 3. Bf4 e6 4. Nbd2 Be7 5. h3 b6 6. e3 Bb7 7. Bd3 d6 8. c3
Ne4 9. O-O O-O 10. Qc2 Nxd2 11. Nxd2 Bf6 12. Qb3 Qe8 13. Bxf5 Bd5 14. c4 Bb7
15. Bg4 e5 16. dxe5 dxe5 17. Bg3 c5 18. Qc2 Nc6 19. a3 Kh8 20. Ne4 Qg6 21. Bf3
Be7 22. Rad1 h5 23. Kh1 h4 24. Bh2 Rxf3 25. gxf3 Qf5 26. Qe2 Rf8 27. Nd2 Qxh3
28. Rg1 Rd8 29. e4 Nd4 30. Qf1 Qe6 31. Qg2 Bf6 32. Qg6 Ne2 33. Rg4 Qd7 34. Qh5+
Kg8 35. Bxe5 Bxe5 36. Qxe5 Rf8 37. Kh2 Rf7 38. b3 Bc8 39. Rxh4 Nd4 40. Qh5 Kf8
41. Qd5 Qc7+ 42. e5 Rd7 43. Rf4+ 1-0

[Event "SG Bochum 2 - SV Mülheim-Nord 3"]
[Site "Regionalliga 2018/2019"]
[Date "2018.09.02"]
[Round "1.1"]
[White "Stillger, Bernhard"]
[Black "Tkachuk, Konstantyn"]
[Result "0-1"]
[WhiteElo "2235"]
[BlackElo "2262"]
[PlyCount "64"]
[EventDate "2018.??.??"]

1. d4 Nf6 2. c4 g6 3. Nc3 Bg7 4. e4 d6 5. h3 O-O 6. Bg5 c5 7. d5 Na6 8. Nf3 Nc7
9. Bd3 Bd7 10. O-O Rb8 11. a4 a6 12. a5 b5 13. axb6 Rxb6 14. Ra2 Qb8 15. e5
dxe5 16. Nxe5 Be8 17. Na4 Bxa4 18. Qxa4 Ncxd5 19. Nc6 Rxc6 20. cxd5 Rb6 21. Qc4
Rc8 22. Bxf6 Bxf6 23. Rxa6 Rb4 24. Qc1 c4 25. Be2 Qb5 26. Ra2 Qxd5 27. Bf3 Qb5
28. Rd1 Bxb2 29. Qc2 Bf6 30. g3 Kg7 31. Rd5 Qb6 32. Kg2 c3 0-1

[Event "SG Bochum 2 - SV Mülheim-Nord 3"]
[Site "Regionalliga 2018/2019"]
[Date "2018.09.02"]
[Round "1.2"]
[White "Stricker, Florian"]
[Black "Walter, Andreas"]
[Result "0-1"]
[WhiteElo "2037"]
[BlackElo "2155"]
[PlyCount "114"]
[EventDate "2018.??.??"]

1. Nf3 c5 2. e4 e6 3. g3 d6 4. Bg2 Nc6 5. O-O Nf6 6. d3 g6 7. c3 Bg7 8. Qe2 O-O
9. h3 Qc7 10. Be3 b6 11. Nbd2 Ba6 12. Rfc1 d5 13. Ne1 Qd7 14. Bg5 h6 15. Bxf6
Bxf6 16. Qe3 Bg7 17. f4 Rad8 18. e5 d4 19. Qf3 dxc3 20. bxc3 Ne7 21. Bf1 f6 22.
exf6 Bxf6 23. Qe2 Bxc3 24. Rxc3 Qd4+ 25. Kh2 Qxc3 26. Qxe6+ Rf7 27. Rd1 Bc8 28.
Qe2 Nf5 29. Ne4 Qg7 30. Nf3 Nd4 31. Qf2 Nxf3+ 32. Qxf3 Bb7 33. Re1 Re7 34. h4
Rde8 35. h5 c4 36. Bg2 gxh5 37. f5 h4 38. f6 Bxe4 39. dxe4 Qxg3+ 40. Qxg3+
hxg3+ 41. Kxg3 Re6 42. Bf3 Rxf6 43. e5 Rf5 44. e6 Kg7 45. Bg4 Rg5 46. Kh4 Rxg4+
47. Kxg4 Kf6 48. Rc1 b5 49. a4 a6 50. axb5 axb5 51. Rb1 Rxe6 52. Rxb5 Rc6 53.
Rb2 c3 54. Rc2 Ke5 55. Kf3 Kd4 56. Ke2 Re6+ 57. Kd1 Rb6 0-1

[Event "SG Bochum 2 - SV Mülheim-Nord 3"]
[Site "Regionalliga 2018/2019"]
[Date "2018.09.02"]
[Round "1.4"]
[White "Biermann, Lenhard"]
[Black "Nachbar, Benjamin"]
[Result "1/2-1/2"]
[WhiteElo "2098"]
[BlackElo "2068"]
[Annotator "Daniel"]
[PlyCount "79"]
[EventDate "2018.??.??"]

1. d4 d6 2. Nf3 Bg4 3. g3 Nf6 4. Bg2 e6 5. O-O Be7 6. b3 O-O 7. Bb2 Nbd7 8.
Nbd2 Bxf3 9. Nxf3 Ne4 10. Nd2 Nxd2 11. Qxd2 d5 $11 12. c4 c6 13. Rad1 Nf6 14.
f3 Qb6 15. e4 dxe4 16. fxe4 e5 17. Kh1 exd4 18. Bxd4 c5 19. Bc3 Rad8 20. Qf2
Rxd1 21. Rxd1 Qe6 22. e5 Ng4 23. Qe2 b6 24. Bd5 Qg6 25. h3 Nh6 26. g4 Kh8 27.
Rf1 f5 28. exf6 Bxf6 29. Bxf6 gxf6 30. Qe7 Qg7 31. Re1 Ng8 32. Qxg7+ Kxg7 33.
Kh2 Rd8 34. Kg3 Rd7 35. Re3 Ne7 36. Be4 h6 37. a4 Kf7 38. h4 Rd2 39. h5 a5 40.
Kf3 1/2-1/2

[Event "SG Bochum 2 - SV Mülheim-Nord 3"]
[Site "Regionalliga 2018/2019"]
[Date "2018.09.02"]
[Round "1.5"]
[White "Limbourg, Philipp"]
[Black "Biermann, Florian"]
[Result "1-0"]
[WhiteElo "2176"]
[BlackElo "2047"]
[Annotator "Daniel"]
[PlyCount "119"]
[EventDate "2018.??.??"]

1. e4 c5 2. Nc3 d6 3. f4 g6 4. Nf3 Bg7 5. Bb5+ Bd7 6. Bc4 Nc6 7. O-O e6 8. d3
Nge7 9. Qe1 Nd4 10. Nxd4 cxd4 11. Nd1 b5 12. Bb3 a5 13. f5 Nc6 14. f6 Bxf6 15.
Qf2 O-O 16. Qxf6 Qxf6 17. Rxf6 Kg7 18. Rf1 a4 19. Bxa4 Rxa4 20. b3 $11 Ra6 21.
Bb2 b4 22. a4 Rc8 23. Ne3 e5 24. Nc4 Na5 25. Rae1 Nxc4 26. dxc4 f5 27. Rf2 Rf8
28. exf5 gxf5 29. c5 Kf6 30. Rfe2 Ra5 31. cxd6 Bc6 32. Bc1 Ke6 33. Bf4 Be4 34.
Bd2 Rb8 35. g4 Kxd6 36. gxf5 Bxf5 37. Rf2 Ke6 38. Bf4 Rg8+ 39. Bg3 e4 40. Rd2
Rd5 41. Red1 Bg4 42. Re1 e3 43. a5 Kd7 44. Rxe3 dxe3 45. Rxd5+ Kc6 46. Re5 e2
47. Kg2 Rf8 48. Be1 Rg8 49. Bxb4 Rg7 50. h3 e1=N+ 51. Bxe1 Bd1+ 52. Bg3 Bxc2
53. b4 Bd3 54. Rc5+ Kb7 55. b5 Rf7 56. Bf2 Rf5 57. a6+ Kb8 58. Rxf5 Bxf5 59. b6
Bd3 60. Bg3+ 1-0

[Event "SG Bochum 2 - SV Mülheim-Nord 3"]
[Site "Regionalliga 2018/2019"]
[Date "2018.09.02"]
[Round "1.8"]
[White "Finke, Dominik"]
[Black "Brockhaus, Bernd"]
[Result "1-0"]
[WhiteElo "1999"]
[BlackElo "1952"]
[Annotator "Daniel"]
[PlyCount "139"]
[EventDate "2018.??.??"]

1. c4 Nf6 2. g3 g6 3. Bg2 Bg7 4. Nc3 c6 5. Nf3 d6 6. d4 Qa5 7. O-O O-O 8. a3
Be6 9. Nd2 Qh5 10. e3 Qxd1 11. Rxd1 d5 12. b3 Na6 13. cxd5 Nxd5 14. Nxd5 Bxd5
15. Bxd5 cxd5 16. Bb2 Rfc8 17. Rdc1 Kf8 18. Kf1 Ke8 19. Ke2 Kd7 20. Kd3 h6 21.
b4 b6 22. Nb3 e6 23. b5 Nc5+ 24. Nxc5+ bxc5 25. a4 c4+ 26. Kc3 a6 27. b6 Rc6
28. a5 Rc5 29. Rcb1 Kc6 30. Bc1 Rb8 31. Kc2 Rb5 32. Rxb5 Kxb5 33. Ba3 Kc6 34.
Rb1 e5 35. Bc5 Rb7 36. f4 e4 37. Kc3 Rb8 38. g4 $11 Bf6 39. Kb4 Bh4 40. Rf1 Rb7
41. Bf8 h5 42. gxh5 gxh5 43. Bh6 f6 44. Rg1 Rf7 45. f5 Bf2 46. Rf1 Bh4 47. Rg1
Bf2 $11 48. Rg8 Be1+ 49. Ka4 Rb7 50. Rc8+ Kd7 51. Rc5 h4 52. Bf4 h3 53. Rxd5+
Ke7 54. Rc5 c3 55. d5 Kd7 56. Rc4 Bd2 57. Rc5 Be1 58. Kb3 c2 59. Ka4 Bh4 60.
Rxc2 Bg5 61. Bxg5 fxg5 62. Rc6 Rb8 63. Rh6 g4 64. Rg6 g3 65. Rxg3 Kd6 66. Rxh3
Kxd5 67. f6 Kc4 68. f7 Rd8 69. Rh6 Kc5 70. b7 1-0

[Event "SV Welper 1 - SV Horst-Emscher 1"]
[Site "Regionalliga 2018/2019"]
[Date "2018.09.02"]
[Round "1.1"]
[White "Baerwolf, Steven"]
[Black "Fuellgrabe, Thomas"]
[Result "1-0"]
[WhiteElo "2144"]
[BlackElo "2232"]
[PlyCount "51"]
[EventDate "2018.??.??"]

1. b3 e5 2. Bb2 Nc6 3. e3 Nf6 4. Bb5 Bd6 5. Na3 e4 6. Nc4 Be7 7. Bxc6 bxc6 8.
Ne2 O-O 9. Nd4 Re8 10. f3 c5 11. Nf5 d5 12. Nxe7+ Qxe7 13. Ne5 d4 14. f4 Ba6
15. exd4 Nd5 16. c4 Nxf4 17. O-O cxd4 18. Bxd4 Qd6 19. Bc3 Rxe5 20. Rxf4 Re6
21. Qg4 Rg6 22. Qf5 Qe6 23. Raf1 Bb7 24. g3 e3 25. Qxe6 Rxe6 26. Rxf7 1-0

[Event "SV Welper 1 - SV Horst-Emscher 1"]
[Site "Regionalliga 2018/2019"]
[Date "2018.09.02"]
[Round "1.2"]
[White "Sohlmann, Jan-Henning"]
[Black "Kroeger, Fabian"]
[Result "1-0"]
[WhiteElo "2185"]
[BlackElo "2215"]
[PlyCount "85"]
[EventDate "2018.??.??"]

1. e4 c5 2. Nf3 d6 3. d4 cxd4 4. Nxd4 Nf6 5. Nc3 g6 6. g3 Nc6 7. Nde2 h5 8. h3
Bd7 9. Bg2 Bg7 10. Be3 Rb8 11. a4 a6 12. Qd2 Ne5 13. b3 b5 14. axb5 axb5 15.
Ra2 b4 16. Nd5 Nxd5 17. exd5 Bb5 18. Nd4 O-O 19. f4 Nd7 20. Qxb4 Bf1 21. Qd2
Bxg2 22. Qxg2 Bxd4 23. Bxd4 Rb4 24. Bf2 Nf6 25. O-O h4 26. Be1 hxg3 27. Bxb4
Qb6+ 28. Kh1 Qxb4 29. Qxg3 Ne4 30. Qg2 Qb5 31. Re1 Nc3 32. Raa1 Kg7 33. Rxe7
Qc5 34. Rg1 Qxd5 35. Qxd5 Nxd5 36. Re4 Rc8 37. c4 Nf6 38. Rd4 d5 39. cxd5 Rc3
40. d6 Nd7 41. b4 Rxh3+ 42. Kg2 Rb3 43. Re1 1-0

[Event "SV Welper 1 - SV Horst-Emscher 1"]
[Site "Regionalliga 2018/2019"]
[Date "2018.09.02"]
[Round "1.3"]
[White "Buschmann, Andreas"]
[Black "Linde, Wolfgang"]
[Result "1-0"]
[WhiteElo "2011"]
[BlackElo "2166"]
[Annotator "Daniel"]
[PlyCount "103"]
[EventDate "2018.??.??"]

1. d4 d5 2. c4 dxc4 3. Nf3 Nf6 4. e3 Bg4 5. Bxc4 e6 6. O-O a6 7. b3 Nc6 8. Bb2
Bd6 9. Nbd2 O-O 10. a3 Qe7 11. Qc2 Rfd8 12. b4 e5 13. d5 Nb8 14. e4 Nbd7 15. h3
Bxf3 16. Nxf3 a5 17. b5 b6 18. Rfe1 Nh5 19. Bf1 Nc5 20. Nd2 Re8 21. g3 Qf6 22.
Nc4 Qg6 23. Bg2 Rac8 24. Kh2 Nf6 25. Rad1 h5 26. Re2 $11 h4 27. Rg1 hxg3+ 28.
fxg3 Nh5 29. Bf3 Rcd8 30. Bxh5 Qxh5 31. Rf1 f6 32. g4 Qg6 33. Rf5 Kf7 34. g5
Ke7 35. Rg2 Qh7 36. Rg4 Rh8 37. Qg2 Rdg8 38. Bc1 g6 39. gxf6+ Kf7 40. Rfg5 Nd3
41. Be3 Kxf6 42. Nxd6 cxd6 43. Bxb6 Nf4 44. Rxf4+ exf4 45. Bd4+ Kf7 46. Qg4 Re8
47. Qxf4+ Ke7 48. Bxh8 Qxh8 49. Rxg6 Qb2+ 50. Rg2 Qxa3 51. Qf5 Kd8 52. Rc2 1-0

[Event "SV Welper 1 - SV Horst-Emscher 1"]
[Site "Regionalliga 2018/2019"]
[Date "2018.09.02"]
[Round "1.4"]
[White "Adiyaman, Rene"]
[Black "Rebentisch, Tom"]
[Result "1-0"]
[WhiteElo "2100"]
[BlackElo "2066"]
[PlyCount "75"]
[EventDate "2018.??.??"]

1. e4 e5 2. Nf3 Nc6 3. Bc4 Bc5 4. c3 Nf6 5. d3 d6 6. Nbd2 a6 7. Bb3 O-O 8. O-O
Ba7 9. h3 Be6 10. Re1 Bxb3 11. Qxb3 Qd7 12. Nf1 h6 13. Ng3 Rfe8 14. Nf5 d5 15.
Bd2 Kh7 16. g4 Bb6 17. Rad1 Rad8 18. Kg2 dxe4 19. dxe4 Qe6 20. Qa4 Kg8 21. Rg1
Ne7 22. N3h4 Rd7 23. Nxe7+ Qxe7 24. Nf5 Qe6 25. g5 hxg5 26. Bxg5 Rxd1 27. Rxd1
Nh5 28. Qd7 Nf4+ 29. Bxf4 exf4 30. Qxe6 fxe6 31. Nh4 Kf7 32. Rd7+ Kf6 33. Kf3
Rh8 34. Kg4 e5 35. Nf3 Rh6 36. h4 Rg6+ 37. Ng5 Rh6 38. h5 1-0

[Event "SV Welper 1 - SV Horst-Emscher 1"]
[Site "Regionalliga 2018/2019"]
[Date "2018.09.02"]
[Round "1.5"]
[White "Becker, Marco"]
[Black "Schaller, Fabian"]
[Result "0-1"]
[WhiteElo "1959"]
[BlackElo "1983"]
[PlyCount "38"]
[EventDate "2018.??.??"]

1. e4 e5 2. g3 Nc6 3. Bg2 Bc5 4. Ne2 Nf6 5. c3 d6 6. O-O O-O 7. d3 a6 8. h3 d5
9. d4 Bb6 10. dxe5 Nxe4 11. Nf4 Nxg3 12. Re1 Ne4 13. Be3 Nxf2 14. Bxf2 Bxf2+
15. Kxf2 Qh4+ 16. Ke3 Qg3+ 17. Bf3 Re8 18. e6 Bxe6 19. Nh5 Bf5+ 0-1

[Event "SV Welper 1 - SV Horst-Emscher 1"]
[Site "Regionalliga 2018/2019"]
[Date "2018.09.02"]
[Round "1.6"]
[White "Conrad, Joachim"]
[Black "Goeldenboog, Juergen"]
[Result "1-0"]
[WhiteElo "1998"]
[BlackElo "1890"]
[PlyCount "69"]
[EventDate "2018.??.??"]

1. d4 d5 2. Nf3 g6 3. Bg5 Bg7 4. e3 Nc6 5. Bb5 a6 6. Bxc6+ bxc6 7. Nc3 h5 8.
Bf4 f6 9. e4 Nh6 10. Bxh6 Bxh6 11. Nh4 Kf7 12. O-O Bg4 13. Qd3 Bg5 14. Nf3 Bf4
15. g3 Bh6 16. Nh4 g5 17. Nf5 e6 18. Nxh6+ Rxh6 19. f4 f5 20. exd5 cxd5 21. Qe3
Rg6 22. Na4 h4 23. Kf2 Rb8 24. b3 Bh3 25. Rg1 gxf4 26. gxf4 Bg4 27. h3 Bh5 28.
Nc5 Rb6 29. Nd3 Rxg1 30. Rxg1 Qf6 31. Rg5 Bd1 32. Ne5+ Ke7 33. Qc3 c5 34. Qxc5+
Rd6 35. Qc7+ 1-0

[Event "SV Welper 1 - SV Horst-Emscher 1"]
[Site "Regionalliga 2018/2019"]
[Date "2018.09.02"]
[Round "1.7"]
[White "Arndt, Olaf"]
[Black "Schaller, Torsten"]
[Result "1-0"]
[WhiteElo "1899"]
[BlackElo "1951"]
[PlyCount "99"]
[EventDate "2018.??.??"]

1. e4 e5 2. Nf3 Nc6 3. Bb5 a6 4. Ba4 Nf6 5. O-O Nxe4 6. Re1 Nc5 7. Bxc6 dxc6 8.
Nxe5 Be7 9. d4 Ne6 10. Be3 O-O 11. Nc3 Bd6 12. Ne4 f6 13. Nd3 b6 14. c3 f5 15.
Nxd6 cxd6 16. d5 cxd5 17. Qb3 Kh8 18. Bxb6 Qf6 19. Qxd5 Bd7 20. Qxd6 Rfb8 21.
Ne5 Be8 22. a4 a5 23. b4 axb4 24. cxb4 Rc8 25. a5 Bb5 26. Rac1 h6 27. Qd5 Be8
28. Nd3 Bf7 29. Ne5 Be8 30. g3 Kh7 31. Rc4 Ng5 32. f4 Ne4 33. Rec1 Nd6 34. Rxc8
Rxc8 35. Rxc8 Nxc8 36. Bc5 Qa6 37. Nc4 Qf6 38. Qe5 Qf7 39. Ne3 Bd7 40. Bd4 Ne7
41. b5 Ng6 42. Qc7 Nf8 43. b6 Ne6 44. Qe5 Nxd4 45. Qxd4 Bc8 46. Qc5 Qe6 47. a6
Bxa6 48. Qxf5+ Qxf5 49. Nxf5 Kg6 50. Nd6 1-0

[Event "SV Welper 1 - SV Horst-Emscher 1"]
[Site "Regionalliga 2018/2019"]
[Date "2018.09.02"]
[Round "1.8"]
[White "Teich, Udo"]
[Black "Doenges, Dirk"]
[Result "0-1"]
[WhiteElo "1893"]
[BlackElo "1767"]
[PlyCount "68"]
[EventDate "2018.??.??"]

1. Nf3 d5 2. d4 c6 3. Bf4 Nf6 4. e3 Bg4 5. Be2 e6 6. Nbd2 Be7 7. O-O h6 8. h3
Bh5 9. Ne5 Bxe2 10. Qxe2 Nbd7 11. Rad1 Qb6 12. Rb1 g5 13. Bg3 h5 14. c3 c5 15.
Nxd7 Nxd7 16. b4 cxb4 17. cxb4 h4 18. Bh2 Bd6 19. Bxd6 Qxd6 20. f4 gxf4 21.
Rxf4 e5 22. dxe5 Nxe5 23. Rd4 O-O-O 24. Rc1+ Kb8 25. Rc5 Qe6 26. e4 Nc6 27.
Rdxd5 Nxb4 28. Rxd8+ Rxd8 29. Nb3 Qb6 30. Kh2 Rd3 31. Qg4 a6 32. Rc8+ Ka7 33.
Qf4 Nc6 34. Qxf7 Rd1 0-1

[Event "SV Wattenscheid 2 - SV Eichlinghofen 1"]
[Site "Regionalliga 2018/2019"]
[Date "2018.09.02"]
[Round "1.1"]
[White "Watzlawek, Markus"]
[Black "Schlehoefer, Ralf"]
[Result "0-1"]
[WhiteElo "2104"]
[BlackElo "2195"]
[PlyCount "104"]
[EventDate "2018.??.??"]

1. d4 Nf6 2. c4 g6 3. Nc3 Bg7 4. e4 d6 5. f3 a6 6. Be3 O-O 7. Nge2 c6 8. c5 b6
9. cxb6 Nbd7 10. Qd2 Nxb6 11. Nf4 Nfd7 12. b3 c5 13. dxc5 Nxc5 14. Rc1 a5 15.
Be2 Ba6 16. O-O Bxe2 17. Qxe2 Qd7 18. Rfd1 Rfc8 19. Ncd5 Nxd5 20. Nxd5 Qb7 21.
Qf2 e6 22. Nf4 a4 23. bxa4 Rc6 24. Qc2 Rxa4 25. Bxc5 Ra5 26. Qd2 Raxc5 27. Rxc5
dxc5 28. Qd8+ Bf8 29. a4 c4 30. h4 c3 31. Rd7 Qc8 32. Nd3 c2 33. Nc1 Kg7 34.
Qxc8 Rxc8 35. Rd3 Be7 36. Kf2 Bxh4+ 37. g3 Bg5 38. f4 Be7 39. Ke2 Rc4 40. e5
Rxa4 41. Kd2 Rc4 42. Na2 Bb4+ 43. Kc1 Bc5 44. Rc3 Rxc3 45. Nxc3 g5 46. Kxc2
gxf4 47. gxf4 Kg6 48. Kd3 Kf5 49. Ne4 Bb6 50. Nd6+ Kxf4 51. Nxf7 Bc7 52. Kd4 h5
0-1

[Event "SV Wattenscheid 2 - SV Eichlinghofen 1"]
[Site "Regionalliga 2018/2019"]
[Date "2018.09.02"]
[Round "1.2"]
[White "Buchenthal, Dieter"]
[Black "Schuette, Tobias"]
[Result "1-0"]
[WhiteElo "2111"]
[BlackElo "2035"]
[PlyCount "51"]
[EventDate "2018.??.??"]

1. Nf3 f5 2. d3 d6 3. e4 e5 4. exf5 Bxf5 5. d4 e4 6. Bg5 Be7 7. Nh4 Be6 8. Qh5+
g6 9. Bxe7 Nxe7 10. Qh6 Nbc6 11. Bb5 a6 12. Bxc6+ Nxc6 13. Nc3 d5 14. f3 Nxd4
15. O-O-O Qf6 16. fxe4 O-O-O 17. e5 Qxe5 18. Rhe1 Qf6 19. Rxd4 Qxd4 20. Rxe6
Qg1+ 21. Nd1 Qxh2 22. Qg5 Qg1 23. Re3 Qf1 24. Nf3 Qc4 25. Ne5 Qxa2 26. Ra3 1-0

[Event "SV Wattenscheid 2 - SV Eichlinghofen 1"]
[Site "Regionalliga 2018/2019"]
[Date "2018.09.02"]
[Round "1.3"]
[White "Brockmann, Michael"]
[Black "Koehn, Peter"]
[Result "0-1"]
[WhiteElo "2002"]
[BlackElo "2137"]
[PlyCount "110"]
[EventDate "2018.??.??"]

1. d4 Nf6 2. c4 e6 3. Nf3 d5 4. Bg5 Be7 5. e3 O-O 6. Nc3 h6 7. Bh4 b6 8. cxd5
Nxd5 9. Bxe7 Qxe7 10. Nxd5 exd5 11. Bd3 Be6 12. O-O c5 13. Rc1 Nd7 14. Bb1 Rfc8
15. Qd3 Nf6 16. Qa3 Kf8 17. Ne5 c4 18. Qa6 Qb4 19. Qb7 a5 20. Bf5 Rcb8 21. Qc7
Ne8 22. Nd7+ Ke7 23. Nxb8+ Nxc7 24. Nc6+ Kd6 25. Nxb4 Bxf5 26. Nc2 b5 27. f3 f6
28. Rfe1 Bd3 29. Kf2 Re8 30. a3 Na8 31. Red1 Nb6 32. Ne1 Bg6 33. g4 Na4 34. Rd2
Rb8 35. f4 Be4 36. Ra1 h5 37. Kg3 hxg4 38. Kxg4 g6 39. h4 Rh8 40. Rh2 Nb6 41.
Rc1 Nc8 42. Nf3 Ne7 43. Nd2 Bd3 44. Rch1 Nf5 45. h5 gxh5+ 46. Rxh5 Nxe3+ 47.
Kf3 Rxh5 48. Rxh5 Nc2 49. Rh8 Nxd4+ 50. Ke3 Nc2+ 51. Kf2 b4 52. axb4 axb4 53.
Nf3 b3 54. Ne1 Nxe1 55. Kxe1 c3 0-1

[Event "SV Wattenscheid 2 - SV Eichlinghofen 1"]
[Site "Regionalliga 2018/2019"]
[Date "2018.09.02"]
[Round "1.4"]
[White "Lang, Daniel"]
[Black "Dreier, Daniel"]
[Result "1-0"]
[WhiteElo "2078"]
[BlackElo "1910"]
[PlyCount "69"]
[EventDate "2018.??.??"]

1. d4 Nf6 2. c4 e6 3. Nc3 b6 4. Nf3 d5 5. cxd5 exd5 6. g3 Be7 7. Bg2 O-O 8. O-O
Bb7 9. Bf4 Nh5 10. Be3 c5 11. dxc5 bxc5 12. Qb3 Bc6 13. Ne5 c4 14. Nxc6 Nxc6
15. Qb5 Rc8 16. Nxd5 Ne5 17. Nxe7+ Qxe7 18. Bd4 f6 19. f4 Rfd8 20. Bf2 Rb8 21.
Qa5 Rxb2 22. fxe5 Rxe2 23. Bc5 Rdd2 24. Rf2 Qxe5 25. Raf1 c3 26. Qb5 Rxf2 27.
Qc4+ Kh8 28. Bxf2 g6 29. Re1 Qf5 30. Re8+ Kg7 31. Re7+ Kh6 32. Be3+ g5 33. Be4
Rd1+ 34. Kg2 Nf4+ 35. Bxf4 1-0

[Event "SV Wattenscheid 2 - SV Eichlinghofen 1"]
[Site "Regionalliga 2018/2019"]
[Date "2018.09.02"]
[Round "1.5"]
[White "Leyrer, Thomas"]
[Black "Gohla, Ulf"]
[Result "0-1"]
[WhiteElo "1891"]
[BlackElo "2131"]
[PlyCount "30"]
[EventDate "2018.??.??"]

1. d4 d5 2. c4 c6 3. Nc3 Nf6 4. cxd5 Nxd5 5. e4 Nxc3 6. bxc3 g6 7. Bc4 Bg7 8.
Ne2 O-O 9. O-O Nd7 10. a4 Nf6 11. e5 Nd5 12. Nf4 Nxc3 13. Qb3 Qxd4 14. Bb2 Bxe5
15. Nd3 Bxh2+ 0-1

[Event "SV Wattenscheid 2 - SV Eichlinghofen 1"]
[Site "Regionalliga 2018/2019"]
[Date "2018.09.02"]
[Round "1.6"]
[White "Schwebel, Markus"]
[Black "Wloka, Sebastian"]
[Result "1-0"]
[WhiteElo "2007"]
[BlackElo "1884"]
[Annotator "Daniel"]
[PlyCount "49"]
[EventDate "2018.??.??"]

1. e4 b6 2. d4 Bb7 3. Bd3 Nf6 4. Qe2 Nc6 5. Nf3 Nb4 6. Nc3 Nxd3+ 7. Qxd3 e6 8.
e5 Nd5 9. Nxd5 Bxd5 10. O-O Be7 11. Bf4 O-O 12. Rac1 b5 13. b3 b4 14. c4 bxc3
15. Rxc3 Bxf3 16. Qxf3 c6 $11 17. Qg4 f5 18. exf6 Rxf6 19. Rh3 Rf5 20. Be5 Qf8
21. Qe4 g6 22. g4 d5 23. Qd3 Rg5 24. Rg3 h5 25. h3 1-0